| 000 | 00788nam a2200253Ia 4500 | ||
|---|---|---|---|
| 003 | OSt | ||
| 005 | 20221006153657.0 | ||
| 006 | a|||||r|||| 00| 0 | ||
| 007 | ta | ||
| 008 | 221006b |||||||| |||| 00| 0 eng d | ||
| 020 |
_a0674009568 _cY5,801 |
||
| 024 | _a33,029 | ||
| 037 |
_bgift, Shinnyo-en _cAnnuals, Advances |
||
| 040 |
_aEASL _cEASL _beng |
||
| 041 |
_2eng _aeng |
||
| 082 | _aO42,1:gk, P2 | ||
| 100 |
_aKLEIN Susan Blakeley Au. _9664915 |
||
| 245 | 0 | _aAllegories of Desire esoteric literary commentaries of medieval Japan | |
| 260 |
_aChambridge _bHarvard University press _c2002 |
||
| 300 |
_axiii,351p. _ccm. |
||
| 490 | _v JEL | ||
| 942 |
_hO42,1:gk, P2 _cREF _2CC |
||
| 999 |
_c1101115 _d1101115 |
||